| 000 | 00845nam a2200229 i 4500 | ||
|---|---|---|---|
| 001 | bg | ||
| 100 | 1 | _aKRZOWSKI, Zdzisław | |
| 245 | 1 | 0 |
_aTrzeciorzędowe osady glaukonitowe na Wyżynie Lubelskiej w świetle geochronologii izotopowej glaukonitu : _bpraca habilitacyjna / _cZdzisław Krzowski. |
| 260 |
_aLublin : _bWydaw. Uczelniane PL, _c1993. |
||
| 300 |
_a171 s., [12] k. tabl. fot. : _brys., mapy ; _c24 cm. |
||
| 490 | 1 |
_aPrace Naukowe Politechniki Lubelskiej. Budownictwo, _x0860-8636 ; _v42 |
|
| 500 | _aNumeracja ser. gł. : 231. | ||
| 504 | _aBibliogr. s. 155-169. | ||
| 650 | 9 | _aGeologia historyczna | |
| 650 | 9 |
_aGlaukonit _xbadanie |
|
| 830 | 0 |
_aPrace Naukowe Politechniki Lubelskiej. _pBudownictwo ; _v42 |
|
| 040 | _cBPK | ||
| 041 | 0 | _apl | |
| 080 | _a551.7:549 | ||
| 942 | _cKS | ||
| 008 | s pl f |000 0 pol | ||
| 999 |
_c30282 _d30282 |
||
| 856 |
_uhttp://koha.tu.koszalin.pl/cgi-bin/koha/opac-detail.pl?biblionumber=30282 _yKatalog online BPK |
||